Statistics for Names That are Also Verbs and Nouns

Click here to take the quiz!

General Stats

  • This quiz has been taken 56 times
  • The average score is 25 of 29

Answer Stats

HintAs In...Starts WithAnswer% Correct
To give or send someone notice asking for money that they owe for a product or serviceGatesBBill
100%
A device for lifting heavy objects such as a car when changing a tireNicholsonJJack
100%
To make a visible impression or stain onTwainMMark
98%
To throw something carelessly or casuallyNorrisCChuck
96%
A small cut or notchCannonNNick
96%
A religious folk song associated with ChristmasBurnettCCarol
94%
To take money or property illegally from a person or place, often using threats or violenceKardashianRRob
94%
To make a quick short movement up and down like a bottle floating in the seaHopeBBob
93%
To pursue in order to catch or catch up withChevyCChase
93%
To tap a dog gentlySayjakPPat
93%
To walk through water or another liquid or soft substanceDwayneWWade
93%
The first appearance of light in the sky before sunriseWellsDDawn
91%
A feeling of expectation and desire for a certain thing to happenBobHHope
91%
To make a hole in something by pushing a sharp object into itBrosnanPPierce
91%
To tear something quickly and with a lot of forceVan WinkleRRip
91%
A close friendHollyBBuddy
87%
A long weapon formerly used by a horseman in jousting contestsArmstrongLLance
87%
To move backward and forward or from side to side in a gentle wayHudsonRRock
87%
To institute legal proceedings against someone, typically for redressRamirezSSue
87%
A high-ranking member of the MafiaCheadleDDon
85%
To do honor or credit to someone or something by one's presenceKellyGGrace
85%
The act of a horse trying to violently dislodge a rider by jumping into the airRogersBBuck
81%
Small pieces of wood dislodged in the course of chopping woodKellyCChip
81%
To persistently harassBelafonteHHarry
80%
A short crowbar used by a burglar to force open a window or doorCarterJJimmy
76%
To tease someone in a playful wayGrobanJJosh
65%
To turn paleDevereauxBBlanche
61%
A cylindrical piece of wood used for holding things togetherParnevikPPeg
50%
To verbally intimidate or bully someoneCamachoHHector
28%

Score Distribution

Percentile by Number Answered

Percent of People with Each Score

Your Score History

You have not taken this quiz